000 01177cas a22003377ar4500
005 20220329142102.0
008 990607u1969 us qr p rnn 0 0b1eng d
010 _a78171
011 _a79143
022 _a0006-3606
035 _a89302
245 0 0 _aBiotropica
_c/by Association for Tropical Biology
260 0 _aSt. Louis, MO :
_bMissouri Botanical Garden,
_c1969-
300 _av. :
_bilus.
310 _aTrimestral
362 1 _av.18, n.1, 1986
590 _aBATCH-UPD
_b10
_c20130110
_lUCH01
_h0459
590 _aBATCH-UPD
_b10
_c20130110
_lUCH01
_h2347
590 _aBATCH-UPD
_b10
_c20130410
_lUCH01
_h0136
590 _aBATCH-UPD
_b10
_c20130410
_lUCH01
_h1634
590 _aBATCH-UPD
_b10
_c20130914
_lUCH01
_h0634
590 _aBATCH-UPD
_b10
_c20130914
_lUCH01
_h2145
590 _aCONVERSION
_b10
_c20130109
_lUCH01
_h1343
650 1 4 _aBiología
_zTrópicos
_xPublicaciones periódicas.
_912807
650 1 4 _aTrópicos
_xPublicaciones periódicas.
_9115297
780 1 0 _tAssociation for Tropical Biology. Bulletin Tropical
866 _av.1 n.1-v.9 n.4 (1969-1977)
866 _av.16 n.1-v.18 n.4 (1984-1986)
901 _aSE
905 _aLilia Sánchez G.
999 _c78171
_d78171